[Event "Januariturneringen"]
[Site "?"]
[Date "2006.01.07"]
[Round "3"]
[White "Prokopic, Novak"]
[Black "Ahlbom, Roger"]
[Result "0-1"]
[WhiteElo "1547"]
[BlackElo "1647"]
[PlyCount "126"]

1. c4 g6 2. d4 Bg7 3. Nf3 d5 4. e3 e6 5. b4 Nf6 6. Ne5 Nbd7 7. Bb2 O-O 8. Nd2
Nxe5 9. dxe5 Nd7 10. Nf3 dxc4 11. Bxc4 Nb6 12. Qxd8 Rxd8 13. Bb3 Bd7 14. a4 Bc6
15. Ke2 Bd5 16. Bxd5 Nxd5 17. b5 a6 18. Rhe1 axb5 19. axb5 Rxa1 20. Bxa1 Ra8
21. Bd4 Ra5 22. Rb1 Ra4 23. Rb2 Bf8 24. Nd2 Rb4 25. Rxb4 Bxb4 26. Ne4 b6 27.
Kd3 Be7 28. Nc3 Nxc3 29. Bxc3 Kf8 30. f4 Ke8 31. g4 Kd7 32. Kc4 Ba3 33. e4 Bc1
34. f5 Bf4 35. h3 Be3 36. Kb4 c6 37. bxc6+ Kxc6 38. Kc4 b5+ 39. Kb3 Bc5 40. Bd2
Bd4 41. Bf4 Kc5 42. h4 Ba1 43. Be3+ Bd4 44. Bf4 Bf2 45. h5 Kd4 46. hxg6 hxg6
47. fxg6 fxg6 48. Kb4 Kxe4 49. Bh2 Bd4 50. Kxb5 Bxe5 51. Bg1 Bf4 52. Kc4 e5 53.
Kc3 Kf3 54. Kc2 Kxg4 55. Kd1 Kf3 56. Ke1 g5 57. Kf1 g4 58. Bc5 e4 59. Bb4 g3
60. Be1 g2+ 61. Kg1 Be3+ 62. Kh2 g1=Q+ 63. Kh3 Qh1# 0-1

[Event "Januariturneringen"]
[Site "?"]
[Date "2006.01.07"]
[Round "3"]
[White "Carlsson, Eric"]
[Black "Englund, Magnus"]
[Result "1-0"]
[WhiteElo "2095"]
[BlackElo "1762"]
[PlyCount "33"]

1. Nf3 d5 2. g3 f5 3. Bg2 e6 4. O-O Nf6 5. d3 Bd6 6. c4 c6 7. Nc3 O-O 8. e4
fxe4 9. dxe4 dxe4 10. Ng5 Qe7 11. Ncxe4 Nxe4 12. Bxe4 g6 13. Bg2 e5 14. Ne4 Bc7
15. Bh6 Rd8 16. Qb3 Rd4 17. Be3 1-0

[Event "Januariturneringen"]
[Site "?"]
[Date "2006.01.07"]
[Round "3"]
[White "Josefsson, Kenneth"]
[Black "Baghomian, Emin"]
[Result "1/2-1/2"]
[WhiteElo "1843"]
[BlackElo "1598"]
[PlyCount "107"]

1. g3 Nf6 2. Bg2 e5 3. d3 d5 4. Nf3 Bd6 5. O-O O-O 6. c4 d4 7. a3 a5 8. Bd2 c5
9. a4 Nc6 10. Na3 h6 11. Nb5 Bb8 12. Qc1 Ne7 13. Ne1 Ng6 14. Qc2 Ra6 15. e3 Re6
16. exd4 exd4 17. f4 Re7 18. Nf3 Rfe8 19. Rae1 Ng4 20. Rxe7 Rxe7 21. Re1 Bf5
22. Rxe7 Qxe7 23. Bf1 b6 24. h3 Ne3 25. Bxe3 Qxe3+ 26. Qf2 Qxf2+ 27. Kxf2 Bd7
28. Nd2 Ne7 29. Bg2 Nf5 30. Nf1 Kf8 31. b3 f6 32. Na3 g5 33. fxg5 fxg5 34. g4
Nd6 35. Nc2 Kf7 36. Ne1 Kf6 37. Ng3 Ke5 38. Ne4 Nf7 39. Nf3+ Ke6 40. Nfd2 Bf4
41. Ke2 Ne5 42. Nf2 Be8 43. Bd5+ Ke7 44. Nde4 Bg6 45. Ba8 Be8 46. Bb7 Bd7 47.
Bd5 Ng6 48. Ba8 Be5 49. Kf3 Nf4 50. Bb7 Kf7 51. Ba8 Kg6 52. Bb7 h5 53. Ba8 h4
54. Bb7 1/2-1/2

[Event "Januariturneringen"]
[Site "?"]
[Date "2006.01.07"]
[Round "3"]
[White "Kling, Anders"]
[Black "Hjorth, Gunnar"]
[Result "1/2-1/2"]
[WhiteElo "2297"]
[BlackElo "2245"]
[PlyCount "91"]

1. e4 g6 2. d4 Bg7 3. Nc3 d6 4. Nf3 a6 5. a4 b6 6. Bc4 e6 7. Bg5 Ne7 8. h4 h6
9. Bf4 Nd7 10. Qe2 Bb7 11. Rd1 Qc8 12. Bb3 Kf8 13. Bg3 Kg8 14. h5 g5 15. Nh2
Nf6 16. Ng4 Nxg4 17. Qxg4 Kh7 18. f4 f5 19. Qe2 Re8 20. fxg5 hxg5 21. h6 Bh8
22. Qh5 Ng6 23. Qxg5 Bxe4 24. Nxe4 fxe4 25. O-O Qd7 26. c3 d5 27. Rde1 Qe7 28.
Qh5 Rf8 29. Bd1 c5 30. dxc5 Qxc5+ 31. Kh2 Rxf1 32. Rxf1 Rf8 33. Rxf8 Qxf8 34.
Bg4 Qf6 35. Kg1 d4 36. cxd4 Qxd4+ 37. Kh2 Be5 38. Bxe5 Qxe5+ 39. Qxe5 Nxe5 40.
Bxe6 Kxh6 41. Kg3 Nd3 42. b3 Kg5 43. Bc4 Nc5 44. Kf2 b5 45. axb5 axb5 46. Bg8
1/2-1/2

[Event "Januariturneringen"]
[Site "?"]
[Date "2006.01.07"]
[Round "3"]
[White "Fuentes, Ruben"]
[Black "Johansson, David"]
[Result "1/2-1/2"]
[WhiteElo "1970"]
[BlackElo "1867"]
[PlyCount "160"]

1. e4 e6 2. d4 d5 3. e5 c5 4. Nf3 Nc6 5. Bd3 cxd4 6. O-O g6 7. Bg5 Qc7 8. Re1
Bg7 9. Bf4 Nge7 10. Nbd2 Bd7 11. Nb3 Qb6 12. a3 h6 13. h4 Rc8 14. Qd2 a6 15.
Nh2 a5 16. Rab1 a4 17. Nc1 h5 18. Nf3 Na5 19. Ne2 Nec6 20. Bg3 Qc5 21. Qf4 Nc4
22. Nexd4 Nxd4 23. Nxd4 Qb6 24. c3 O-O 25. Qg5 Qd8 26. Qc1 Qc7 27. Qd1 Bxe5 28.
Bxc4 Bxg3 29. fxg3 Qxc4 30. g4 hxg4 31. Qxg4 e5 32. Qxd7 exd4 33. h5 dxc3 34.
hxg6 Qd4+ 35. Kh1 fxg6 36. Re7 Qh4+ 37. Kg1 c2 38. Qe6+ Kh8 39. Rc1 Qf2+ 40.
Kh1 Rc4 41. Qe5+ Qf6 42. Qxf6+ Rxf6 43. Re2 Rfc6 44. Rd2 d4 45. Kg1 Kg7 46. Kf2
Kf6 47. Ke2 Ke5 48. Kd3 Kd5 49. Re2 b5 50. Re8 R4c5 51. Rd8+ Ke5 52. Rxd4 Rd5
53. Rxd5+ Kxd5 54. Kd2 Kd4 55. g3 g5 56. Ke2 Ke4 57. Kd2 Kf3 58. Rf1+ Kxg3 59.
Kc1 Kg2 60. Rf5 g4 61. Rxb5 g3 62. Rb4 Kg1 63. Rxa4 g2 64. Rh4 Rg6 65. Re4 Kf1
66. Rf4+ Ke2 67. Kxc2 g1=Q 68. Re4+ Kf3 69. Rc4 Qe1 70. Rc3+ Kf2 71. b4 Rd6 72.
Kb3 Qb1+ 73. Ka4 Ra6+ 74. Kb5 Qg6 75. Rc2+ Qxc2 76. Kxa6 Qc6+ 77. Ka5 Ke3 78.
b5 Qb7 79. a4 Kd4 80. b6 Kc5 1/2-1/2

[Event "Januariturneringen"]
[Site "?"]
[Date "2006.01.08"]
[Round "4"]
[White "Nilsson, Dennis"]
[Black "Josefsson, Kenneth"]
[Result "1/2-1/2"]
[WhiteElo "2088"]
[BlackElo "1843"]
[PlyCount "108"]

1. e4 g6 2. d4 d6 3. f4 Bg7 4. Nf3 Nf6 5. Bd3 O-O 6. O-O c5 7. c3 cxd4 8. cxd4
Nc6 9. Nc3 Bg4 10. Be3 e5 11. fxe5 dxe5 12. d5 Nd4 13. Be2 Nxe2+ 14. Qxe2 Ne8
15. h3 Bxf3 16. Qxf3 b6 17. Nb5 Nd6 18. Nxd6 Qxd6 19. Rac1 Qd7 20. Rc6 Rac8 21.
Rfc1 Rxc6 22. Rxc6 Rc8 23. Rxc8+ Qxc8 24. Qe2 Bf8 25. Qb5 Bd6 26. Qc6 Qxc6 27.
dxc6 Kf8 28. b4 Ke7 29. b5 Ke6 30. Kf2 Bc7 31. Ke2 Bb8 32. a4 h5 33. Kd3 f5 34.
g3 Kd6 35. Bg5 Bc7 36. Bh6 Ke6 37. Bf8 Bd8 38. Bb4 Bc7 39. Ke3 Bd8 40. Kf3 Bc7
41. Be1 Bd8 42. Bf2 Bc7 43. a5 Bd8 44. axb6 axb6 45. Be3 Bc7 46. g4 fxe4+ 47.
Kxe4 hxg4 48. hxg4 Bd8 49. Bh6 Bc7 50. Bg7 Bd6 51. g5 Bb8 52. Bf8 Bc7 53. Bb4
Bd8 54. Bc3 Bc7 1/2-1/2

[Event "Januariturneringen"]
[Site "?"]
[Date "2006.01.08"]
[Round "4"]
[White "Jonsson, Emil"]
[Black "Carlsson, Eric"]
[Result "0-1"]
[WhiteElo "1860"]
[BlackElo "2095"]
[PlyCount "80"]

1. e4 d6 2. d4 Nf6 3. Nc3 c6 4. f4 Qa5 5. e5 Ne4 6. Bd2 Nxd2 7. Qxd2 Bf5 8. Bd3
Bxd3 9. Qxd3 e6 10. Nge2 Nd7 11. exd6 Bxd6 12. O-O O-O-O 13. Ne4 Nf6 14. Nxd6+
Rxd6 15. c3 h5 16. Qg3 g6 17. f5 Ne4 18. Qf4 gxf5 19. Ng3 Nxg3 20. Qxg3 Rdd8
21. Rf4 Rdg8 22. Qf3 Rg6 23. Rh4 Rg4 24. Rxg4 hxg4 25. Qe2 Qd8 26. g3 Qd5 27.
a3 Rd8 28. b4 Kc7 29. Re1 Qb3 30. Qe5+ Kc8 31. Re3 Qxa3 32. Qf6 Qc1+ 33. Kf2
Qd2+ 34. Re2 Qxc3 35. Qxf7 Qxd4+ 36. Kf1 Qd5 37. Qxe6+ Kc7 38. Qe5+ Qxe5 39.
Rxe5 Rd5 40. Re7+ Kb6 0-1

[Event "Januariturneringen"]
[Site "?"]
[Date "2006.01.08"]
[Round "4"]
[White "Forsberg, Viktor"]
[Black "Malmdin, Nils Åke"]
[Result "1-0"]
[WhiteElo "2278"]
[BlackElo "2225"]
[PlyCount "59"]

1. e4 d5 2. exd5 Nf6 3. Nf3 Nxd5 4. d4 Bg4 5. h3 Bh5 6. c4 Nb6 7. Nc3 Nc6 8. d5
Ne5 9. g4 Nxf3+ 10. Qxf3 Bg6 11. c5 Nd7 12. Bb5 a6 13. Ba4 h5 14. O-O hxg4 15.
hxg4 b5 16. cxb6 cxb6 17. Bc6 Ra7 18. Re1 Qc8 19. Na4 Kd8 20. Be3 e6 21. dxe6
fxe6 22. Rad1 Bc5 23. Nxb6 Qb8 24. Bg5+ Be7 25. Bxe7+ Kxe7 26. Nxd7 Qh2+ 27.
Kf1 Qh3+ 28. Qxh3 Rxh3 29. Kg2 Rh8 30. Ne5 1-0

[Event "Januariturneringen"]
[Site "?"]
[Date "2006.01.08"]
[Round "4"]
[White "Eckeskog, Patrik"]
[Black "Kling, Anders"]
[Result "0-1"]
[WhiteElo "1881"]
[BlackElo "2297"]
[PlyCount "63"]

1. c4 e5 2. Qb3 Nc6 3. e3 g6 4. Ne2 Bg7 5. g3 Nf6 6. Nbc3 d6 7. Bg2 O-O 8. O-O
a5 9. d3 Bd7 10. e4 Nh5 11. f4 exf4 12. gxf4 Nd4 13. Nxd4 Bxd4+ 14. Kh1 Bg4 15.
Bd2 c6 16. Bf3 Bh3 17. Bg2 Qh4 18. Bxh3 Qxh3 19. Ne2 Ba7 20. d4 Qe6 21. e5 dxe5
22. fxe5 Rad8 23. Bh6 Rfe8 24. Nf4 Nxf4 25. Rxf4 Rxd4 26. Qxb7 Rxf4 27. Bxf4
Bd4 28. Rd1 c5 29. b3 h5 30. Rf1 h4 31. Qd5 Qf5 32. Bg3 0-1

[Event "Januariturneringen"]
[Site "?"]
[Date "2006.01.08"]
[Round "4"]
[White "Englund, Magnus"]
[Black "Sundin, David"]
[Result "1-0"]
[WhiteElo "1762"]
[BlackElo "1640"]
[PlyCount "27"]

1. e4 c5 2. Nf3 Nc6 3. d4 cxd4 4. Nxd4 d6 5. Nc3 Nf6 6. Bg5 Nd7 7. Qd2 h6 8.
Bh4 Qb6 9. Ndb5 Nb4 10. a3 Na6 11. Nd5 Qc5 12. b4 Qc6 13. Nd4 Qxd5 14. exd5 1-0

[Event "Januariturneringen"]
[Site "?"]
[Date "2006.01.08"]
[Round "4"]
[White "Baghomian, Emin"]
[Black "Johansson, Björn"]
[Result "1-0"]
[WhiteElo "1598"]
[BlackElo "1422"]
[PlyCount "63"]

1. e4 e6 2. d4 d5 3. Nc3 Bb4 4. e5 c5 5. Qg4 g6 6. Nf3 f6 7. Bd3 f5 8. Qg3 Nc6
9. Bb5 Bd7 10. Bxc6 Bxc6 11. h4 Qa5 12. Bd2 O-O-O 13. O-O Ne7 14. a3 Bxc3 15.
Bxc3 Qb6 16. b4 cxb4 17. Bxb4 Rd7 18. Qg5 Qd8 19. Qd2 Kb8 20. Bd6+ Ka8 21. Ng5
Nc8 22. Nxe6 Qxh4 23. Bb4 b6 24. Qc3 Kb7 25. Qe3 Qe4 26. Qg5 f4 27. Qf6 Rg8 28.
Nf8 Rdg7 29. e6 Qf5 30. Qd8 Ne7 31. Bxe7 Rxe7 32. Qxe7+ 1-0

[Event "Januariturneringen"]
[Site "?"]
[Date "2006.01.08"]
[Round "4"]
[White "Berggren, Karl-Erik"]
[Black "Prokopic, Novak"]
[Result "1-0"]
[WhiteElo "1695"]
[BlackElo "1547"]
[PlyCount "71"]

1. d4 d5 2. Nf3 e6 3. c4 dxc4 4. e3 Nf6 5. Bxc4 Nbd7 6. O-O a6 7. a4 b6 8. Nc3
Bb7 9. Bd3 c6 10. Qe2 Qc7 11. Rd1 Bd6 12. e4 Bf4 13. e5 Bxc1 14. Raxc1 Nd5 15.
Nxd5 exd5 16. e6 Nf6 17. exf7+ Kxf7 18. Ng5+ Kg8 19. Qe6+ Kf8 20. Qxf6+ gxf6
21. Ne6+ Ke7 22. Nxc7 Ra7 23. Re1+ Kd6 24. Ne8+ Rxe8 25. Rxe8 c5 26. Rce1 cxd4
27. b4 Bc6 28. R1e6+ Kc7 29. R8e7+ Bd7 30. Rxh7 b5 31. a5 Ra8 32. Ree7 Rd8 33.
Bf5 Kd6 34. Rxd7+ Rxd7 35. Rxd7+ Ke5 36. Bd3 1-0

[Event "Januariturneringen"]
[Site "?"]
[Date "2006.01.08"]
[Round "4"]
[White "Hjorth, Gunnar"]
[Black "Nygren, David"]
[Result "0-1"]
[WhiteElo "2245"]
[BlackElo "2297"]
[PlyCount "30"]

1. d4 Nf6 2. c4 e6 3. Nc3 Bb4 4. Qc2 d5 5. a3 Bxc3+ 6. Qxc3 Ne4 7. Qc2 c5 8.
cxd5 exd5 9. dxc5 Bf5 10. Nf3 Nc6 11. Bg5 f6 12. Nh4 fxg5 13. Nxf5 Qa5+ 14. Kd1
Nxf2+ 15. Kc1 Qe1+ 0-1

[Event "Januariturneringen"]
[Site "?"]
[Date "2006.01.08"]
[Round "4"]
[White "Berggren, Johanna"]
[Black "Fuentes, Ruben"]
[Result "0-1"]
[WhiteElo "1714"]
[BlackElo "1970"]
[PlyCount "45"]

1. d4 d5 2. Nf3 Nf6 3. c4 c6 4. e3 e6 5. Nbd2 Nbd7 6. Bd3 Be7 7. O-O O-O 8. b3
a6 9. Bb2 b5 10. c5 a5 11. a3 h6 12. Qe2 Re8 13. Ne5 Nxe5 14. dxe5 Nd7 15. b4
Qc7 16. f4 axb4 17. axb4 Rxa1 18. Rxa1 Nf8 19. Nb3 Bd7 20. Ra3 Qd8 21. Bc3 f6
22. Qa2 fxe5 23. Ra8 0-1

[Event "Januariturneringen"]
[Site "?"]
[Date "2006.01.08"]
[Round "4"]
[White "Ahlbom, Roger"]
[Black "Berggren, Kalle"]
[Result "1-0"]
[WhiteElo "1647"]
[BlackElo "1658"]
[PlyCount "131"]

1. d4 f5 2. Nf3 d6 3. b3 Nf6 4. Bb2 g6 5. e3 Bg7 6. Bc4 e6 7. Ng5 Qe7 8. Nf3
O-O 9. h3 h6 10. Nbd2 Kh7 11. Qe2 a5 12. a4 Nbd7 13. Bd3 e5 14. e4 f4 15. dxe5
dxe5 16. Ba3 c5 17. Nc4 b6 18. Bb2 Ne8 19. Rd1 Nc7 20. Na3 Bb7 21. O-O g5 22.
Rfe1 h5 23. Nh2 Kg6 24. f3 Rad8 25. Bc4 Bc8 26. Rd2 Rh8 27. Red1 Rdf8 28. Rd6+
Nf6 29. Nb5 Nxb5 30. Bxb5 Rd8 31. Rxd8 Rxd8 32. Rxd8 Qxd8 33. Bxe5 Ne8 34. Bxg7
Nxg7 35. Qd3 Qxd3 36. Bxd3 Kf6 37. Nf1 Ke5 38. c3 Be6 39. Nd2 Ne8 40. Kf1 Nd6
41. Ke2 Bd7 42. Nc4+ Nxc4 43. Bxc4 g4 44. h4 gxf3+ 45. gxf3 Bc6 46. Bf7 b5 47.
axb5 Bxb5+ 48. c4 Bd7 49. Bxh5 a4 50. bxa4 Bxa4 51. Kd3 Bd7 52. Bg4 Be8 53. h5
Kf6 54. Ke2 Bf7 55. Kd3 Bg8 56. Bf5 Kg5 57. Bg6 Kf6 58. e5+ Kg7 59. Ke4 Bxc4
60. Kxf4 Bb3 61. Ke3 c4 62. Kd4 Bd1 63. f4 Kh6 64. Kxc4 Bxh5 65. Bxh5 Kxh5 66.
Kd5 1-0

[Event "Januariturneringen"]
[Site "?"]
[Date "2006.01.08"]
[Round "4"]
[White "Wahlström, Arne"]
[Black "Johansson, David"]
[Result "1/2-1/2"]
[WhiteElo "2128"]
[BlackElo "1867"]
[PlyCount "110"]

1. d4 Nf6 2. Nf3 e6 3. c4 c5 4. d5 exd5 5. cxd5 d6 6. Nc3 g6 7. h3 Qe7 8. Bf4
a6 9. a4 Bg7 10. Nd2 O-O 11. e3 Nfd7 12. Be2 Ne5 13. O-O Nbd7 14. Bh2 f5 15.
Qc2 b6 16. Rae1 Bb7 17. f4 Nf7 18. Bf3 Rae8 19. Kh1 Nf6 20. Qb3 Qd7 21. Qxb6
Rb8 22. Qa5 Ba8 23. Qxa6 Rxb2 24. Nc4 Bb7 25. Qa7 Ra8 26. Qxa8+ Bxa8 27. Nxb2
Ne4 28. Nxe4 fxe4 29. Bg4 Qa7 30. Rf2 Bxd5 31. f5 Qa5 32. Ref1 Qb4 33. f6 Bh6
34. Nd1 Bb3 35. Rb2 Qxa4 36. Nc3 Qc4 37. Rfb1 Qxc3 38. Rxb3 Qxf6 39. Be2 d5 40.
Rb8+ Kg7 41. R8b7 Bxe3 42. Rf1 Bf2 43. Be5 Qxe5 44. Rxf2 Qe8 45. Bb5 Qe6 46.
Bd7 Qa6 47. Bc8 Qa1+ 48. Kh2 Qe5+ 49. g3 Qe8 50. Bd7 Qa8 51. Bc6 Kh6 52. Rfxf7
Qa2+ 53. Kh1 Qa1+ 54. Kg2 Qa2+ 55. Kh1 Qa1+ 1/2-1/2

[Event "Januariturneringen"]
[Site "?"]
[Date "2006.01.08"]
[Round "5"]
[White "Nilsson, Dennis"]
[Black "Baghomian, Emin"]
[Result "0-1"]
[WhiteElo "2088"]
[BlackElo "1598"]
[PlyCount "124"]

1. e4 c5 2. d4 cxd4 3. c3 dxc3 4. Nxc3 Nc6 5. Nf3 e6 6. Bc4 a6 7. O-O Qc7 8.
Qe2 d6 9. h3 Nf6 10. Rd1 Be7 11. Bf4 O-O 12. Rac1 b5 13. Bb3 Bb7 14. Nd5 Nxd5
15. exd5 exd5 16. Bxd5 Qd7 17. Bxc6 Bxc6 18. Rxc6 Qxc6 19. Qxe7 Qc4 20. Bxd6
Rfe8 21. Qc7 Qxa2 22. Be5 Rac8 23. Qb7 h6 24. Bc3 Rb8 25. Qa7 b4 26. Bd4 Rb5
27. Qd7 Re6 28. Qd8+ Kh7 29. Qf8 f6 30. Qf7 Re1+ 31. Rxe1 Qxf7 32. g4 a5 33.
Nh4 Rb7 34. Nf5 Qd5 35. Rd1 Qf3 36. Ne3 Qxd1+ 37. Nxd1 Rd7 38. Kf1 Rxd4 39. Ke2
a4 40. Ne3 a3 41. bxa3 bxa3 42. Nc2 a2 43. Nxd4 a1=Q 44. Nf3 Qh1 45. h4 Qg2 46.
g5 hxg5 47. hxg5 fxg5 48. Ne1 Qh3 49. Nf3 Kg6 50. Ng1 Qa3 51. Kf1 g4 52. Ne2
Kf6 53. Ng3 Ke5 54. Kg1 Qd3 55. Kg2 g6 56. Nf1 Qh3+ 57. Kg1 Kd4 58. Ng3 Kd3 59.
Nf1 Ke2 60. Nh2 g5 61. f3 g3 62. Ng4 Qf1# 0-1

[Event "Januariturneringen"]
[Site "?"]
[Date "2006.01.08"]
[Round "5"]
[White "Johansson, Björn"]
[Black "Prokopic, Novak"]
[Result "0-1"]
[WhiteElo "1422"]
[BlackElo "1547"]
[PlyCount "64"]

1. d4 d5 2. Nf3 a6 3. Bf4 h6 4. e3 b5 5. Bd3 Bb7 6. O-O Nf6 7. Nbd2 e6 8. Qe2
Bd6 9. Be5 Nc6 10. h3 Bxe5 11. dxe5 Nd7 12. c3 Ncxe5 13. Nxe5 Nxe5 14. Bc2 Qh4
15. Nf3 Nxf3+ 16. Qxf3 Ke7 17. Rad1 c5 18. Rfe1 Rhd8 19. b3 Rd7 20. Qg4 Qxg4
21. hxg4 Rad8 22. e4 dxe4 23. Rxd7+ Rxd7 24. Bxe4 Bxe4 25. Rxe4 Rd2 26. a4 Kd6
27. f3 Rd3 28. b4 c4 29. axb5 axb5 30. f4 Rxc3 31. Re5 Rd3 32. Rc5 Rd5 0-1

[Event "Januariturneringen"]
[Site "?"]
[Date "2006.01.08"]
[Round "5"]
[White "Josefsson, Kenneth"]
[Black "Eckeskog, Patrik"]
[Result "1-0"]
[WhiteElo "1843"]
[BlackElo "1881"]
[PlyCount "107"]

1. e4 e6 2. d4 d5 3. Nc3 Nf6 4. Bg5 Be7 5. Bxf6 Bxf6 6. e5 Be7 7. Qg4 g6 8. h4
h5 9. Qf4 a6 10. Nf3 c5 11. O-O-O c4 12. Ng5 Bxg5 13. hxg5 b5 14. g4 h4 15. Qf6
Qxf6 16. gxf6 Bd7 17. g5 b4 18. Nb1 Bb5 19. c3 Nc6 20. Rh3 a5 21. Be2 a4 22.
Rdh1 a3 23. bxa3 bxc3 24. Rxh4 Rf8 25. Kc2 Nb4+ 26. Kxc3 Nd3 27. Bxd3 cxd3 28.
Rh8 Kd7 29. Rxf8 Rxf8 30. Rh7 Kc6 31. Nd2 Kb6 32. Nb3 Rc8+ 33. Nc5 Rc7 34. Rh8
Ra7 35. a4 Bxa4 36. Nxd3 Bb5 37. Rb8+ Kc6 38. Nb4+ Kc7 39. Rxb5 Ra3+ 40. Kd2
Rf3 41. Ke2 Rf4 42. Nc2 Rg4 43. a4 Rxg5 44. a5 Rh5 45. a6 Rh8 46. Rb7+ Kc8 47.
Rxf7 Kb8 48. Rg7 Rf8 49. Rxg6 Ka7 50. Nb4 Ka8 51. f7 Rxf7 52. Rxe6 Kb8 53. Nc6+
Ka8 54. Re8# 1-0

[Event "Januariturneringen"]
[Site "?"]
[Date "2006.01.08"]
[Round "5"]
[White "Malmdin, Nils Åke"]
[Black "Ahlbom, Roger"]
[Result "1-0"]
[WhiteElo "2225"]
[BlackElo "1647"]
[PlyCount "29"]

1. e4 d5 2. exd5 Qxd5 3. Nc3 Qa5 4. d4 c6 5. Bc4 Bf5 6. Bd2 Qc7 7. Qe2 e6 8. d5
Qe7 9. dxe6 Bxe6 10. O-O-O Bxc4 11. Qxc4 Qc5 12. Re1+ Kd8 13. Qxf7 Ne7 14. Nf3
Qf5 15. Rxe7 1-0

[Event "Januariturneringen"]
[Site "?"]
[Date "2006.01.08"]
[Round "5"]
[White "Wahlström, Arne"]
[Black "Jonsson, Emil"]
[Result "1-0"]
[WhiteElo "2128"]
[BlackElo "1860"]
[PlyCount "53"]

1. e4 e6 2. d4 d5 3. Nc3 Nf6 4. Bg5 Bb4 5. e5 h6 6. Bd2 Nfd7 7. Qg4 Bf8 8. Nf3
c5 9. Nb5 cxd4 10. Bd3 Nc6 11. Qg3 a6 12. Nbxd4 Qc7 13. Nxc6 bxc6 14. c4 Nc5
15. Bc2 a5 16. cxd5 cxd5 17. O-O Ba6 18. Rfc1 Qd8 19. Be3 Nd7 20. Nd4 Qb8 21.
Ba4 g5 22. Qf3 Qxe5 23. Nc6 Qe4 24. Qxe4 dxe4 25. Ne5 Rd8 26. Nxd7 Rxd7 27. Rc7
1-0

[Event "Januariturneringen"]
[Site "?"]
[Date "2006.01.08"]
[Round "5"]
[White "Berggren, Kalle"]
[Black "Sundin, David"]
[Result "1-0"]
[WhiteElo "1658"]
[BlackElo "1640"]
[PlyCount "48"]

1. d4 d5 2. e4 c5 3. dxc5 d4 4. Nf3 Nc6 5. Nbd2 Bg4 6. Nb3 e5 7. Bc4 Nf6 8. Bg5
h6 9. Bxf6 Qxf6 10. Qe2 a5 11. a4 Qf4 12. h3 Bh5 13. g4 Bg6 14. Bd3 h5 15. Rg1
Be7 16. Nfd2 Bh4 17. Qf3 hxg4 18. Qxf4 exf4 19. hxg4 Ne5 20. Ke2 Nxg4 21. Rxg4
Bh5 22. f3 Bxg4 23. fxg4 Be7 24. e5 Bxc5 1-0

[Event "Januariturneringen"]
[Site "?"]
[Date "2006.01.08"]
[Round "5"]
[White "Englund, Magnus"]
[Black "Berggren, Johanna"]
[Result "0-1"]
[WhiteElo "1762"]
[BlackElo "1714"]
[PlyCount "70"]

1. e4 c5 2. Nf3 d6 3. d4 cxd4 4. Nxd4 Nf6 5. Nc3 a6 6. Be2 e5 7. Nb3 Be7 8. O-O
O-O 9. f4 Qc7 10. f5 b5 11. Bg5 Bb7 12. Bxf6 Bxf6 13. Nd5 Bxd5 14. Qxd5 Qb6+
15. Kh1 Nc6 16. Qxd6 Be7 17. Qd1 Rfd8 18. Bd3 Rac8 19. Qg4 f6 20. a4 Nb4 21.
axb5 Nxd3 22. cxd3 Qxb5 23. Nc1 Qxb2 24. Ne2 Rxd3 25. Rfb1 Qd2 26. h4 Rd6 27.
Rb7 Bf8 28. Ra3 Rc2 29. Rg3 Rd7 30. Rxd7 Qxd7 31. Nc3 Qd4 32. Qf3 Rc1+ 33. Kh2
Qg1+ 34. Kh3 Rf1 35. Qd3 Qh1+ 0-1

[Event "Januariturneringen"]
[Site "?"]
[Date "2006.01.08"]
[Round "5"]
[White "Fuentes, Ruben"]
[Black "Forsberg, Viktor"]
[Result "0-1"]
[WhiteElo "1970"]
[BlackElo "2278"]
[PlyCount "72"]

1. e4 c5 2. Nc3 Nc6 3. g3 g6 4. Bg2 Bg7 5. d3 d6 6. f4 e6 7. Nf3 Nge7 8. O-O
O-O 9. Be3 b6 10. Qe1 Bb7 11. g4 Nd4 12. Bxd4 cxd4 13. Ne2 e5 14. f5 f6 15.
fxg6 hxg6 16. Nh4 Bh6 17. Qg3 Kg7 18. c3 dxc3 19. bxc3 d5 20. d4 Qd6 21. Rad1
Ba6 22. dxe5 Qxe5 23. Qxe5 fxe5 24. Rxf8 Rxf8 25. Ng3 d4 26. cxd4 Be3+ 27. Kh1
exd4 28. e5 Rf2 29. Be4 Rxa2 30. Nhf5+ gxf5 31. gxf5 Bc4 32. f6+ Kf7 33. fxe7
Kxe7 34. Nf5+ Ke6 35. Nxd4+ Kxe5 36. Bb1 Bd5+ 0-1

[Event "Januariturneringen"]
[Site "?"]
[Date "2006.01.08"]
[Round "5"]
[White "Nygren, David"]
[Black "Carlsson, Eric"]
[Result "1-0"]
[WhiteElo "2274"]
[BlackElo "2095"]
[PlyCount "65"]

1. e4 d6 2. d4 Nf6 3. Nc3 e5 4. f4 Nbd7 5. Nf3 exd4 6. Qxd4 c6 7. Be3 d5 8.
exd5 Bc5 9. Qd3 O-O 10. O-O-O Qb6 11. Bd4 cxd5 12. Ng5 Bxd4 13. Qxd4 Nc5 14. b4
Nce4 15. Nxd5 Nxd5 16. Qxe4 Qe3+ 17. Qxe3 Nxe3 18. Re1 Nxf1 19. Rhxf1 h6 20.
Ne4 Be6 21. a4 Rfd8 22. f5 Bd5 23. Rf2 Rac8 24. Nd2 Rc7 25. Rfe2 Kf8 26. Ne4
Kg8 27. Rd2 b6 28. Red1 Bxe4 29. Rxd8+ Kh7 30. R1d7 Rxc2+ 31. Kd1 Rxg2 32. Rxf7
Rxh2 33. Rff8 1-0

[Event "Januariturneringen"]
[Site "?"]
[Date "2006.01.08"]
[Round "5"]
[White "Berggren, Karl-Erik"]
[Black "Hjorth, Gunnar"]
[Result "0-1"]
[WhiteElo "1695"]
[BlackElo "2245"]
[PlyCount "104"]

1. d4 Nf6 2. c4 e6 3. Nc3 Bb4 4. e3 O-O 5. Bd3 c5 6. a3 Bxc3+ 7. bxc3 Nc6 8.
Nf3 d6 9. O-O e5 10. d5 Ne7 11. Qc2 Re8 12. Nd2 Bd7 13. a4 b6 14. Ba3 Qc8 15.
Rfb1 Ng6 16. Bc1 e4 17. Bf1 Qd8 18. Nb3 a5 19. Nd2 Bf5 20. Rb5 Ne5 21. Qa2 Nfd7
22. Be2 Qg5 23. f4 exf3 24. Nxf3 Qf6 25. Bd2 Ng4 26. e4 Bxe4 27. Rf1 Bxf3 28.
Bxf3 Qg6 29. Bxg4 Qxg4 30. Rbb1 Re2 31. Rf2 Rxf2 32. Kxf2 Re8 33. Re1 Qh4+ 34.
Kf1 Rxe1+ 35. Bxe1 Qxh2 36. Qb2 Qh1+ 37. Kf2 Qh4+ 38. Kf1 Qxc4+ 39. Kg1 Qxd5
40. Qb5 Qe6 41. Bg3 d5 42. Qa6 h6 43. Bc7 Qc6 44. Qc8+ Kh7 45. Qd8 d4 46. cxd4
cxd4 47. Bf4 Qxa4 48. Qe7 Qd1+ 49. Kh2 Qh5+ 50. Kg1 Qf5 51. Bd2 Ne5 52. Kh1 Ng4
0-1

[Event "Januariturneringen"]
[Site "?"]
[Date "2006.01.08"]
[Round "5"]
[White "Johansson, David"]
[Black "Kling, Anders"]
[Result "1/2-1/2"]
[WhiteElo "1867"]
[BlackElo "2297"]
[PlyCount "112"]

1. e4 e5 2. Nf3 Nc6 3. Bb5 a6 4. Ba4 d6 5. d4 exd4 6. Nxd4 Bd7 7. Nc3 Nf6 8.
O-O Be7 9. Re1 O-O 10. Nxc6 bxc6 11. Bg5 h6 12. Bh4 Rb8 13. Bb3 Ng4 14. Bxe7
Qxe7 15. f3 Ne5 16. Qd2 Qf6 17. Rad1 Ng6 18. Qd4 Qg5 19. Ne2 c5 20. Qd2 Qh4 21.
Qa5 Rb6 22. Nc3 Nf4 23. g3 Qg5 24. Nd5 Nxd5 25. Bxd5 Be6 26. b3 Qg6 27. Kg2 h5
28. Qd2 h4 29. Qf4 h3+ 30. Kf2 Bc8 31. g4 Be6 32. Kg3 Qh7 33. Qg5 Rbb8 34. Qe7
Rbe8 35. Qh4 Qg6 36. Kxh3 f6 37. Kg2 Kf7 38. Bxe6+ Kxe6 39. Qg3 Kf7 40. c3 Rh8
41. b4 Re5 42. Rb1 c4 43. Rbd1 a5 44. a3 Ra8 45. Ra1 Qh6 46. Red1 Ree8 47. h4
Rh8 48. h5 axb4 49. cxb4 Qg5 50. a4 Rhb8 51. b5 Qc5 52. Qf2 Qe5 53. Qc2 d5 54.
exd5 Re8 55. Qxc4 Qb2+ 56. Kf1 Qh2 1/2-1/2